| 000 | 00855nam a22002657a 4500 | ||
|---|---|---|---|
| 001 | 0002106 | ||
| 003 | DO-SdBNP | ||
| 005 | 20240527120410.0 | ||
| 007 | 0002106 | ||
| 008 | 160621b 2011 mx || 00| 0 spa d | ||
| 020 | _a9786071107343 | ||
| 040 |
_aBPMSU _bspa _cBPMSU |
||
| 082 | 4 |
_aCh863.6 _bR621c 2011 _222 |
|
| 100 | 1 |
_aRivera Letelier, Hernán, _d1950- |
|
| 245 | 1 | 3 |
_aLa contadora de películas / _cHernán Rivera Letelier. |
| 260 |
_aMéxico, D. F. : _bAlfaguara, _c 2011 _g |
||
| 300 |
_a118 p. ; _c24 cm. |
||
| 500 | _aOriginalmente publicado: Santiago de Chile: Alfaguara, 2009. | ||
| 500 | _aIncluye datos biográficos del autor en la solapa de la cubierta. | ||
| 590 | _aInventariado, 2024/VM | ||
| 650 | 4 | _aNovela chilena | |
| 650 | 4 | _aLiteratura Chilena | |
| 910 | _aLPEREZ/ VMateo V. Control de calidad. BPMSU | ||
| 942 |
_2ddc _cBK |
||
| 999 |
_c10468 _d10468 |
||